LIBRARY & INFORMATION CENTRE, KCAET, TAVANUR

ONLINE PUBLIC ACCESS CATALOGUE (OPAC)

Evoluation of India and pakistan / (Record no. 11565)

MARC details
000 -LEADER
fixed length control field 00417cam a2200157ua 4500
041 ## - LANGUAGE CODE
Language code of text/sound track or separate title eng
082 ## - DEWEY DECIMAL CLASSIFICATION NUMBER
Classification number 954.03
Item number PHI/EV
100 ## - MAIN ENTRY--AUTHOR NAME
Personal name Philips, C.H .
245 ## - TITLE STATEMENT
Title Evoluation of India and pakistan /
260 ## - PUBLICATION, DISTRIBUTION, ETC. (IMPRINT)
Place of publication :
Name of publisher The Langiage book society and oxford ,
Year of publication 1965.
300 ## - PHYSICAL DESCRIPTION
Number of Pages 786 ; .

No items available.

free website counter